Terrible Jokes IV Quiz Stats

 Plays Quiz Updated Sep 9, 2019

Score 0/20 Timer 07:00
5 Plays Today
% Correct
But I’m clean now.
92.9%
The Incredible Sulk.
92.7%
I couldn't find any.
92.1%
It was a turtle disaster.
92%
They're not laughing now.
91.6%
It was sole destroying.
91.5%
One's really heavy, the other is a little lighter.
91.4%
He gave me a kite.
91.3%
Someone left a little note on the windscreen saying 'Parking Fine'.
90.8%
But I turned myself around and that’s what it’s all about.
90.7%
% Correct
A small medium at large.
90.6%
After all the extra hours I put in!
90.4%
Dam!
90%
Now he's sluggish.
88.3%
He says he can stop any time.
87.1%
When it gets bad, I take something for it.
86.9%
They charged one and let the other one off.
85.3%
What sort of sick person does that to someone’s Advent calendar.
84%
I don't care what star sign it is.
79.7%
I don’t know. It all happened so fast.
79.3%

You're not logged in!

Compare scores with friends on all Sporcle quizzes.
OR
Log In

Sporcle TV

Today on Sporcle TV


Watch our educational content, quiz creation guides, and fun videos on Sporcle TV.

Show Comments

Extras

Top Quizzes Today


Score Distribution

Your Account Isn't Verified!

In order to create a playlist on Sporcle, you need to verify the email address you used during registration. Go to your Sporcle Settings to finish the process.

Report this User

Report this user for behavior that violates our Community Guidelines.

Details: